Statistics for U.S. States: No Vowels

Click here to take the quiz!

General Stats

  • This quiz has been taken 145 times
  • The average score is 13 of 15

Answer Stats

ConsonantsState% Correct
TXSTEXAS
100%
CLFRNCALIFORNIA
99%
FLRDFLORIDA
99%
CLRDCOLORADO
97%
NWYRKNEW YORK
97%
KNSSKANSAS
96%
MNTNMONTANA
95%
STHCRLNSOUTH CAROLINA
95%
LBMALABAMA
88%
RZNARIZONA
87%
LLNSILLINOIS
87%
MNMAINE
83%
RGNOREGON
77%
NDNINDIANA
74%
HOHIO
74%

Score Distribution

Percentile by Number Answered

Percent of People with Each Score

Your Score History

You have not taken this quiz